1575 1667 1400 1265 1619 1854 1308 1324 1110 1900 1052 1550 1570 1308 1503 1717 1588 1070 1776 1259 1446 1472 1799 1880 1435 1929 1751 1703 1520 1110 1706 1100 1212 1281 1507 1383 1654 1707 1651 1361 1366 1573 1769 1438 1287 1311 1377 1285 1583 1577 1108 1041 1815 1214 1335 1551 1866 1819 1400 1923 1806 1679 1646 1771 1532 1317 1307 1401 1107 1587 1190 1144 1262 1690 1220 1349 1846 1208 1993 1720 1326 1164 1396 1756 1180 1947 1481 1427 1054 1406 1729 1299 1783 1065 1487 1299 1822 1447 1028 BCNSPRNW ULIB Ver.6.0+V

เปลี่ยนเป็นภาษาไทย

Change to English
 แสดงรายละเอียดบรรณานุกรม
  กลับหน้าหลัก

Brief Record : Get Marc (ISO 2709) : E-mail record : QR code < ปิดหน้าต่าง
LEADER : 00000nam 2200000uu 4500
001    13399115232
003     ULIB
008    120801s2552||||th 000 0 tha d
020    9789742129262
050  4 ^aBF637.c5^bส722ข
245 00 ^aเข้าใจปัญหาชีวิต /^cสิทธิโชค วรานุสันติกุล
260    ^aกรุงเทพฯ :^bซีเอ็ดยูเคชั่น ,^c2552
300    ^a232 หน้า :^bภาพประกอบ
500    ^aSend to Single Search
650  4 ^aการดำเนินชีวิต
650  4 ^aจิตวิทยาประยุกต์
945    ^p180^l0^i19164
999 ^a ใช้งานได้ทุกระบบ
รายการนี้ยังไม่มีแท็ก
คุณยังไม่ได้ล็อกอิน คุณสามารถมีกิจกรรมร่วมกับเว็บไซต์ได้ แต่ต้องล็อกอินก่อน ::
  ล็อกอิน

รายการสื่อสารสนเทศ

ลำดับที่ ประเภท เลขเรียก/บาร์โค้ด สถานที่ สถานะ
- ไม่พบข้อมูล -

รายการใกล้เคียง
    หัวเรื่อง [การดำเนินชีวิต]
    หัวเรื่อง [จิตวิทยาประยุกต์]

BibComment


ยังไม่เคยถูกคอมเมนท์

คอมเมนท์ทรัพยากรรายการนี้
  คอมเมนท์: เข้าใจปัญหาชีวิต..


 Copyright 2026. Bcnsprnw @Library